000 00681nam a2200217 i 4500
001 bg
003 BPK
005 20191009091658.0
008 s1977 pl f |000 0 pol d
040 _cBPK
041 _apol
080 _a624.014.2
080 _a624.07
245 0 0 _aObliczanie i projektowanie konstrukcji z rur prostokątnych /
_c[aut.] Jan Bródka [et al.].
260 _aWarszawa,
_c1977.
650 4 _aRury
_xstosowanie
_xbudownictwo.
650 4 _aKonstrukcje stalowe
700 1 _aBródka, Jan
_d(1929- )
_eAutor
856 _uhttp://koha.tu.koszalin.pl/cgi-bin/koha/opac-detail.pl?biblionumber=27896
_yKatalog online BPK
942 _cKS
_2UKD
999 _c27896
_d27896